Star Wars Full Names - Statistics

General Stats
  • This quiz has been taken 1,387 times
  • The average score is 19 of 27
Answer Stats
First Last % Correct
Obi Wan Kenobi
99%
Skywalker Luke
99%
Han Solo
98%
Skywalker Anakin
97%
Jar Jar Binks
97%
Boba Fett
97%
the Hutt Jabba
94%
Mace Windu
94%
Kylo Ren
92%
Padmé Amidala
88%
Leia Organa
86%
Qui-Gon Jinn
84%
Lando Calrissian
83%
Skywalker Rey
82%
Ahsoka Tano
80%
Poe Dameron
73%
Plo Koon
70%
Cassian Andor
64%
Wedge Antilles
61%
Jyn Erso
60%
Palpatine Sheev
60%
Din Djarin
50%
Rose Tico
40%
Maz Kanata
39%
Zorii Bliss
26%
Hux Armitage
16%
Holdo Amilyn
14%
No matching quizzes found
Score Distribution
Percent of People with Each Score
Percentile by Number Answered
Your Score History
You have not taken this quiz